Movies Quiz

Random Movies or Actress Quiz

Click Me Five: Movies II Quiz Stats

 Plays Quiz Updated Jul 22, 2014

Support Sporcle.
Go Orange.
Score 0/35 Timer 08:00
1 Play Today
% Correct
Iron Man
98.3%
Thor
97.5%
Daredevil
95.9%
Turner and Hooch
93%
Old Yeller
92.4%
Rocky
92.3%
The Shining
92%
Million Dollar Baby
90.6%
Bowling for Columbine
89.4%
Ghost Rider
88.9%
Super Size Me
88.2%
Some Like It Hot
87.7%
Blade
87.4%
My Friend Flicka
86.6%
Blazing Saddles
86.5%
Harry and Tonto
81.6%
The Seven Year Itch
81.4%
The Dead Zone
81.3%
% Correct
Young Frankenstein
80.4%
The Harder They Fall
78.3%
How to Marry a Millionaire
76.6%
Dunston Checks In
72.9%
The Great White Hope
71.6%
Stand by Me
68.5%
Silent Movie
61.3%
Hoop Dreams
60.9%
Dolores Claiborne
55.4%
High Anxiety
55%
The Misfits
49.4%
Bus Stop
44.6%
The Thin Blue Line
43.8%
Apt Pupil
41.2%
Somebody Up There Likes Me
33.8%
Crumb
28.4%
The Twelve Chairs
26.5%

From the Vault

Pick the Sandra Bullock Movie

by beforever

Movies 3m
She can convincingly play a beauty queen and a bus driver.
Remove Ads.
Support Sporcle.
Get the best of Sporcle when you Go Orange. This ad-free experience offers more features, more stats, and more fun while also helping to support Sporcle. Thank you for becoming a member.

Show Comments

Extras

Top Quizzes Today


Score Distribution

Your Account Isn't Verified!

In order to create a playlist on Sporcle, you need to verify the email address you used during registration. Go to your Sporcle Settings to finish the process.

Report this User

Report this user for behavior that violates our Community Guidelines.

Details: